[Event "GER-ch U25 op-C"]
[Site "Willingen"]
[Date "2024.05.24"]
[Round "8"]
[White "Lang, Samuel"]
[Black "Weibrecht, Theo"]
[Result "0-1"]
[WhiteElo "1268"]
[BlackElo "1596"]
[PlyCount "34"]
[EventDate "2024.05.19"]
[EventType "swiss"]
[EventRounds "9"]
[EventCountry "GER"]
[SourceTitle "EXT 2025"]
[Source "ChessBase"]
[SourceDate "2024.10.14"]
[SourceVersion "1"]
[SourceVersionDate "2024.10.14"]
[SourceQuality "1"]

1. d4 Nf6 2. c4 g6 3. Nc3 Bg7 4. e4 d6 5. Nf3 Nbd7 6. Bg5 0-0 7. Be2 c5 8. d5 Re8 9. 0-0 a6 10. a3 b6 11. b4 Qc7 12. bxc5 Nxc5 13. Qc2 e6 14. Be3 exd5 15. exd5 Bf5 16. Qb2 Nfe4 17. Nxe4 Bxb2 0-1

[Event "GER-ch U25 op-C"]
[Site "Willingen"]
[Date "2024.05.23"]
[Round "7"]
[White "Nguyen Trung, Atticus"]
[Black "Lang, Samuel"]
[Result "0-1"]
[WhiteElo "1581"]
[BlackElo "1268"]
[PlyCount "71"]
[EventDate "2024.05.19"]
[EventType "swiss"]
[EventRounds "9"]
[EventCountry "GER"]
[SourceTitle "EXT 2025"]
[Source "ChessBase"]
[SourceDate "2024.10.14"]
[SourceVersion "1"]
[SourceVersionDate "2024.10.14"]
[SourceQuality "1"]

1. e4 d5 2. exd5 Qxd5 3. Nc3 Qa5 4. d4 c6 5. Nf3 Nf6 6. Bd2 Qc7 7. Bd3 Bg4 8. h3 Bh5 9. Qe2 e6 10. a3 Nbd7 11. Ne4 Be7 12. c4 c5 13. g4 Bg6 14. dxc5 Bxe4 15. Bxe4 Nxe4 16. Qxe4 Bxc5 17. b4 Nf6 18. Qc2 Bd6 19. Nd4 Bf4 20. 0-0-0 Rd8 21. Kb1 Rxd4 22. Bxf4 Rxf4 23. Qa4+ Qc6 24. Qxa7 0-0 25. g5 Ne4 26. Qd4 Qa4 27. Qe3 Rxf2 28. Rc1 Nd2+ 29. Ka2 Ra8 30. Rc3 Ne4+ 31. Kb1 Nxc3+ 32. Qxc3 Qxa3 33. Qxa3 Rxa3 34. Rd1 g6 35. Rd8+ Kg7 36. Kc1 0-1

[Event "GER-ch U25 op-C"]
[Site "Willingen"]
[Date "2024.05.21"]
[Round "4"]
[White "Lang, Samuel"]
[Black "Finck, Julius"]
[Result "1-0"]
[WhiteElo "1268"]
[BlackElo "1579"]
[PlyCount "55"]
[EventDate "2024.05.19"]
[EventType "swiss"]
[EventRounds "9"]
[EventCountry "GER"]
[SourceTitle "EXT 2025"]
[Source "ChessBase"]
[SourceDate "2024.10.14"]
[SourceVersion "1"]
[SourceVersionDate "2024.10.14"]
[SourceQuality "1"]

1. d4 d5 2. c4 e6 3. Nc3 Be7 4. Nf3 Nf6 5. Bg5 h6 6. Bh4 0-0 7. e3 c6 8. c5 b6 9. b4 Nbd7 10. Bd3 a5 11. a3 Ba6 12. 0-0 Ne4 13. Nxe4 Bxd3 14. Qxd3 dxe4 15. Qxe4 Bxh4 16. Nxh4 a4 17. Nf3 Qc7 18. cxb6 Nxb6 19. Rfc1 Rac8 20. Ne5 Nd5 21. Qc2 Ne7 22. Qxa4 f6 23. Nd3 Qb6 24. Nc5 Ra8 25. Qb3 Ra7 26. Qxe6+ Rf7 27. Ne4 Nd5 28. Rxc6 1-0